ARRUPE JESUIT UNIVERSITY

CORONAVIRUS -STOP THE SPREAD - CLEAN,DISINFECT,COVER

The wretched of the earth. (Record no. 127243)

MARC details
000 -LEADER
fixed length control field 00905cam a22002651 4500
001 - CONTROL NUMBER
control field 3114124
003 - CONTROL NUMBER IDENTIFIER
control field ARRUPE
005 - DATE AND TIME OF LATEST TRANSACTION
control field 20171114112814.0
008 - FIXED-LENGTH DATA ELEMENTS--GENERAL INFORMATION
fixed length control field 731030t19651963nyu 000 0 eng
010 ## - LIBRARY OF CONGRESS CONTROL NUMBER
LC control number 65014196
040 ## - CATALOGING SOURCE
Original cataloging agency DLC
Transcribing agency DLC
Modifying agency DLC
041 1# - LANGUAGE CODE
Language code of text/sound track or separate title engfre
043 ## - GEOGRAPHIC AREA CODE
Geographic area code e-fr---
-- f------
-- f-ae---
050 00 - LIBRARY OF CONGRESS CALL NUMBER
Classification number B-111-1
082 00 - DEWEY DECIMAL CLASSIFICATION NUMBER
Classification number 306/.096
Edition number 19
300 ## - PHYSICAL DESCRIPTION
Dimensions 21 cm.
100 1# - MAIN ENTRY--PERSONAL NAME
Personal name Fanon, Frantz,
Dates associated with a name 1925-1961.
9 (RLIN) 26769
240 10 - UNIFORM TITLE
Uniform title <a href="Damnés de la terre.">Damnés de la terre.</a>
Language of a work English
245 14 - TITLE STATEMENT
Title The wretched of the earth.
Statement of responsibility, etc Pref. by Jean-Paul Sartre. Translated from the French by Constance Farrington.
260 ## - PUBLICATION, DISTRIBUTION, ETC. (IMPRINT)
Place of publication, distribution, etc New York,
Name of publisher, distributor, etc Grove Press
Date of publication, distribution, etc [1965, c1963]
300 ## - PHYSICAL DESCRIPTION
Extent 255 p.
650 #0 - SUBJECT ADDED ENTRY--TOPICAL TERM
Topical term or geographic name as entry element Offenses against the person.
9 (RLIN) 34887
651 #0 - SUBJECT ADDED ENTRY--GEOGRAPHIC NAME
Geographic name France
General subdivision Colonies
Geographic subdivision Africa.
9 (RLIN) 32044
651 #0 - SUBJECT ADDED ENTRY--GEOGRAPHIC NAME
Geographic name Algeria
General subdivision History
Chronological subdivision 1945-1962.
9 (RLIN) 5495
906 ## - LOCAL DATA ELEMENT F, LDF (RLIN)
a 7
b cbc
c orignew
d u
e ocip
f 19
g y-gencatlg
942 ## - ADDED ENTRY ELEMENTS (KOHA)
Source of classification or shelving scheme Library of Congress Classification
Koha item type Monograph ( Printed materials)
Holdings
Withdrawn status Lost status Source of classification or shelving scheme Damaged status Not for loan Collection code Home library Current library Shelving location Date acquired Total Checkouts Full call number Barcode Checked out Date last seen Date checked out Price effective from Koha item type
    Library of Congress Classification     Main Collection ARRUPE COLLEGE BOOKSTORE ARRUPE LIBRARY Main Collection 14/11/2017 5 B-111-1 46500027150 20/12/2024 27/08/2024 27/08/2024 14/11/2017 Monograph ( Printed materials)
    Library of Congress Classification     Main Collection ARRUPE COLLEGE BOOKSTORE ARRUPE LIBRARY Main Collection 14/11/2017 7 B-111-2 46500027151   28/04/2025 19/12/2024 14/11/2017 Monograph ( Printed materials)
    Library of Congress Classification     Main Collection ARRUPE COLLEGE BOOKSTORE ARRUPE LIBRARY Main Collection 14/11/2017 5 B-111-3 46500027152 10/02/2025 04/12/2024 04/12/2024 14/11/2017 Monograph ( Printed materials)

 

Arrupe Library. PO Box MP320 Mt Pleasant, Harare, Zimbabwe
263 242 745411|librarian@aju.ac.zw